Rovnost příležitostí žen a mužů na trhu práce /

Hlavní autor: Kuchařová, Věra, 1951-
Další autoři: Zamykalová, Lenka, 1976-
Jazyk: Čeština
Vydáno: Praha : Výzkumný ústav práce a sociálních věcí, 2000
Témata:
Externí odkaz: Digitalizovaný dokument
Fyzický popis: 105, [38], v s. ; 30 cm
Knihy
Uloženo v:
LEADER 01531nam a2200397 a 4500
001 000535943
003 CZ BrMZK
005 20250520081444.0
007 ta
008 000115s2000 xr f cze d
015 |a cnb000978704 
020 |a 80-238-6317-7  |q (v knize neuvedeno 
035 |a (OCoLC)46963561 
040 |a BOA001  |b cze 
043 |a e-xr--- 
072 7 |a 331  |x Práce  |2 Konspekt  |9 4 
080 |a 342.722  |2 MRF 
080 |a 331.5  |2 MRF 
080 |a 331.106  |2 MRF 
080 |a (437.3)  |2 MRF 
080 |a (048.8)  |2 MRF 
100 1 |a Kuchařová, Věra,  |d 1951-  |7 jn20010309209  |4 aut 
245 1 0 |a Rovnost příležitostí žen a mužů na trhu práce /  |c Věra Kuchařová, Lenka Zamykalová. 
260 |a Praha :  |b Výzkumný ústav práce a sociálních věcí,  |c 2000 
300 |a 105, [38], v s. ;  |c 30 cm 
504 |a Obsahuje bibliografii 
500 |a Dostupné též v digitální podobě v aplikaci Kramerius 
650 0 7 |a rovné postavení mužů a žen  |7 ph125244  |z Česko  |2 czenas 
650 0 7 |a trh práce  |7 ph116483  |z Česko  |2 czenas 
650 0 7 |a pracovněprávní vztahy  |7 ph124524  |z Česko  |2 czenas 
655 7 |a studie  |7 fd133597  |2 czenas 
700 1 |a Zamykalová, Lenka,  |d 1976-  |7 jn20010309210  |4 aut 
856 4 1 |u http://www.digitalniknihovna.cz/mzk/uuid/uuid:b11c1a90-36cd-11f0-86eb-5ef3fc9bb22f  |y Digitalizovaný dokument  |x NDK 
910 |a BOA001  |b 4-1077.850 
990 |a BK 
996 6 |b 2610122722  |c 4-1077.850  |l MZK  |r Sklad / do 1 hodiny  |n 23  |p p.v. ; nelze digi.  |w 000535943  |u 000010  |a 1  |e BOA001  |j MZK50  |s P